PSYCHOLOGY (Record no. 216577)

MARC details
000 -LEADER
fixed length control field 00528nam a22001817a 4500
008 - FIXED-LENGTH DATA ELEMENTS--GENERAL INFORMATION
fixed length control field 260213b |||||||| |||| 00| 0 eng d
020 ## - INTERNATIONAL STANDARD BOOK NUMBER
International Standard Book Number 0-314-06160-6
100 ## - MAIN ENTRY--PERSONAL NAME
Personal name CAPALDI, ELIZABETH DEUTSCH
245 ## - TITLE STATEMENT
Title PSYCHOLOGY
250 ## - EDITION STATEMENT
Edition statement 4TH
260 ## - PUBLICATION, DISTRIBUTION, ETC.
Place of publication, distribution, etc. ST. PAUL MN
Name of publisher, distributor, etc. WEST PUBLICATION COMPANY
Date of publication, distribution, etc. 1996
300 ## - PHYSICAL DESCRIPTION
Extent XL,136P.:ILL
500 ## - GENERAL NOTE
General note INCLUDES BIBLIOGRAPHICAL REFERENCES AND INDEX
650 ## - SUBJECT ADDED ENTRY
Topical term or geographic name entry element PSYCHOLOGY
700 ## - ADDED ENTRY--PERSONAL NAME
Personal name PARRIS, SCOTT G.
-- POLIVY, JANET
-- HERMAN, C. PETER
942 ## - ADDED ENTRY ELEMENTS (KOHA)
Source of classification or shelving scheme Library of Congress Classification
Koha item type Long Loan Book
Holdings
Withdrawn status Lost status Source of classification or shelving scheme Damaged status Not for loan Collection Home library Current library Shelving location Date acquired Inventory number Total checkouts Full call number Barcode Date last seen Date last checked out Copy number Price effective from Koha item type
    Library of Congress Classification     Arts & Social Sciences Kisii University Library Kisii University Library On Display 02/13/2026 65076 1 BF 121 .P729 1996 024850 02/27/2026 02/13/2026 1 02/13/2026 Long Loan Book